Top 10 des pays producteurs d'or - 2014 - Statistiques

Statistiques générales
  • Ce quiz a été pris 60 fois
  • Le résultat moyen est 8 sur 10
Statistiques - réponses
Production en tonne (2014) Pays % Correct
90,5 Brésil
94%
462 Chine
94%
266,2 Russie
89%
167,9 Afrique du Sud
87%
151,3 Canada
85%
110,4 Mexique
85%
272,4 Australie
83%
210,8 Etats Unis
76%
171 Perou
63%
104,1 Ghana
22%
Aucun quiz correspondant
Distribution des résultats
% des personnes avec chaque résultat
Percentile par nombre de réponses
Votre historique - résultats
Vous n’avez pas pris ce quiz